000 01280nam a2200337 a 4500
001 ebr10253485
003 CaPaEBR
006 m u
007 cr cn|||||||||
008 090115s2008 ja a sb 001 0 eng d
010 _z 2008928680
020 _z9784431791010
020 _z9784431791027 (e-ISBN)
040 _aCaPaEBR
_cCaPaEBR
035 _a(OCoLC)288472727
050 1 4 _aP116
_b.O75 2008eb
245 0 0 _aOrigins of language
_h[electronic resource] :
_bunraveling evolutionary forces /
_cNobuo Masataka (ed.).
260 _aTokyo :
_bSpringer,
_c2008.
300 _aviii, 157 p. :
_bill.
504 _aIncludes bibliographical references and index.
533 _aElectronic reproduction.
_bPalo Alto, Calif. :
_cebrary,
_d2009.
_nAvailable via World Wide Web.
_nAccess may be limited to ebrary affiliated libraries.
650 0 _aLanguage and languages
_xOrigin.
650 0 _aHuman evolution.
650 0 _aAnthropological linguistics.
650 0 _aAnimal communication.
650 0 _aPrimates
_xBehavior.
655 7 _aElectronic books.
_2local
700 1 _aMasataka, Nobuo,
_d1954-
710 2 _aebrary, Inc.
856 4 0 _uhttp://site.ebrary.com/lib/rucke/Doc?id=10253485
_zAn electronic book accessible through the World Wide Web; click to view
999 _c31984
_d31984